000 00532nam a22002057a 4500
003 OSt
005 20240627113615.0
008 240627b |||||||| |||| 00| 0 eng d
020 _a9780415148719
040 _cMUST
082 _222
_a337 ROP 1979
100 _aRopke, Wilhelm
_918245
245 _aEconomics of international integration/
_cWilhelm Ropke
260 _bspringer
_c1979
300 _aviii, 276p.
_c25cm
504 _aincludes index
650 _2economics
700 _aPeter, Robson
_918246
942 _2ddc
_cO_SHELF
999 _c8991
_d8991